000 00334pab a2200145 454500
008 180718b1997 xxu||||| |||| 00| 0 eng d
100 _aPrasad, V.R.N.
245 _aEducation and the social contract
260 _c1997
300 _ap.6-8
362 _a12 May
650 _aEducation
773 _aUniversity News
909 _a34220
999 _c34220
_d34220